|
|
|
|
| LEADER |
01291nam a2200349 a 4500 |
| 001 |
37471 |
| 003 |
BD-DhAAL |
| 005 |
20220113154357.0 |
| 008 |
210214t20081923ii ||||| |||| 001 0 eng d |
| 999 |
|
|
|c 43206
|d 43206
|
| 020 |
|
|
|a 9788174875389
|
| 020 |
|
|
|a 8174875387
|
| 040 |
|
|
|a BD-DhAAL
|
| 082 |
|
|
|a 321.2
|
| 100 |
|
|
|a Mukerjee, Radhakamal,
|d 1889-1968.
|9 40943
|
| 245 |
|
|
|a Democracies of the East :
|b a study in comparative politics /
|c by Radhakamal Mukerjee
|
| 250 |
|
|
|a Second edition
|
| 260 |
|
|
|a New Delhi :
|b Radha,
|c c1923 [2008]
|
| 300 |
|
|
|a xxviii, 402 pages ;
|c 22 cm
|
| 490 |
|
|
|a Studies in economics and sociology
|
| 500 |
|
|
|a Includes index
|
| 526 |
|
|
|a BBS
|
| 541 |
|
|
|a Development Book Agency
|e 37471
|
| 650 |
|
|
|a Village communities
|9 40944
|
| 650 |
|
|
|a Sociology
|9 40945
|
| 650 |
|
|
|a Business & finance
|9 43338
|
| 651 |
|
|
|a Asia
|x Politics and government.
|9 40946
|
| 651 |
|
|
|a India
|x Politics and government.
|9 40947
|
| 651 |
|
|
|a East Asia
|9 40948
|
| 852 |
|
|
|a Ayesha Abed Library
|c General stacks
|
| 942 |
|
|
|2 ddc
|c BK
|
| 952 |
|
|
|0 0
|1 0
|2 ddc
|4 0
|6 321_200000000000000_MUK
|7 0
|9 69244
|a BRACUL
|b BRACUL
|c GEN
|d 2021-01-31
|e Development Book Agency
|g 6880.00
|l 1
|o 321.2 MUK
|p 3010037471
|r 2021-02-24
|s 2021-02-16
|t 1
|v 6880.00
|w 2021-01-31
|y BK
|x Received during COVID-19 pandemic
|